The poet of the East : (Record no. 86160)
[ view plain ]
| 000 -LEADER | |
|---|---|
| fixed length control field | 00899nam a2200241 a 4500 |
| 001 - CONTROL NUMBER | |
| control field | 86160 |
| 003 - CONTROL NUMBER IDENTIFIER | |
| rucl marc code | BD-RjUL |
| 005 - DATE AND TIME OF LATEST TRANSACTION | |
| control field | 20260201110349.0 |
| 008 - FIXED-LENGTH DATA ELEMENTS--GENERAL INFORMATION | |
| fixed length control field | 260201s1961 pk a 000 0deng |
| 035 ## - SYSTEM CONTROL NUMBER | |
| System control number | (BD-RjUL)86160 |
| 040 ## - CATALOGING SOURCE | |
| Original cataloging agency | DLC |
| Transcribing agency | DLC |
| Language of cataloging | eng |
| Modifying agency | BD-RjUL |
| 041 1# - LANGUAGE CODE | |
| Language code of original | eng |
| Language code of text/sound track or separate title | eng |
| 082 ## - DEWEY DECIMAL CLASSIFICATION NUMBER | |
| Edition number | 23 |
| Classification number | 891.43985 |
| Author mark and year | BEP 1961 |
| 100 1# - MAIN ENTRY--PERSONAL NAME | |
| Personal name | Beg, Abdulla Anwar. |
| 9 (RLIN) | 188348 |
| 245 14 - TITLE STATEMENT | |
| Title | The poet of the East : |
| Remainder of title | the life and work of Dr. Sheikh Sir Muahmmad Iqbal, the poet-philosopher, with a critical survey of his philosophy, poetical works and teachings / |
| Statement of responsibility, etc. | by Abdulla Anwar Beg ; with a foreword by R.A. Nicholson. |
| 250 ## - EDITION STATEMENT | |
| Edition statement | 2nd ed. |
| 260 ## - PUBLICATION, DISTRIBUTION, ETC. (IMPRINT) | |
| Place of publication, distribution, etc. | Lahore : |
| Name of publisher, distributor, etc. | Qaumi Kutub Khana, |
| Date of publication, distribution, etc. | 1939. |
| 300 ## - PHYSICAL DESCRIPTION | |
| Pagination | xix, 423 p. : |
| Illustrations | ill. ; |
| Size | 22 cm. |
| 500 ## - GENERAL NOTE | |
| General note | Includes index |
| 600 10 - SUBJECT ADDED ENTRY--PERSONAL NAME | |
| Personal name | Iqbal, Muhammad, |
| Dates associated with a name | 1877-1938 |
| General subdivision | Criticism and interpretation. |
| 700 ## - ADDED ENTRY--PERSONAL NAME | |
| Personal name | Nicholson, R. A. |
| 942 ## - ADDED ENTRY ELEMENTS (KOHA) | |
| Source of classification or shelving scheme | Dewey Decimal Classification |
| Koha item type | Books |
| Lost status | Source of classification or shelving scheme | Damaged status | Not for loan | Collection code | Permanent Location | Current Location | Shelving location | Date acquired | Source of acquisition | Cost, normal purchase price | Total Checkouts | Full call number | Date last seen | Copy number | Koha item type |
|---|---|---|---|---|---|---|---|---|---|---|---|---|---|---|---|
| Dewey Decimal Classification | Not For Loan | Non-fiction | Central Library, University of Rajshahi | Central Library, University of Rajshahi | Reading Room | 20/02/1967 | Feroz sons | 12.56 | 891.43985 BEP 1961 | 01/02/2026 | C-1 | Books | |||
| Dewey Decimal Classification | Non-fiction | Central Library, University of Rajshahi | Central Library, University of Rajshahi | General Stacks | 20/02/1967 | Feroz sons | 12.50 | 891.43985 BEP 1961 | 01/02/2026 | C-2 | Books | ||||
| Dewey Decimal Classification | Non-fiction | Central Library, University of Rajshahi | Central Library, University of Rajshahi | General Stacks | 20/02/1967 | Feroz sons | 12.50 | 891.43985 BEP 1961 | 01/02/2026 | C-3 | Books | ||||
| Dewey Decimal Classification | Non-fiction | Central Library, University of Rajshahi | Central Library, University of Rajshahi | General Stacks | 20/02/1967 | Feroz sons | 12.50 | 891.43985 BEP 1961 | 01/02/2026 | C-4 | Books |